European Cities Immigration by Country #2 - Statistics

General Stats
  • This quiz has been taken 485 times
  • The average score is 21 of 29
Answer Stats
Cities Country % Correct
Dublin, Reykjavik United Kingdom
97%
Munich, Copenhagen, Frankfurt Turkey
94%
Dublin, Frankfurt, Reykjavik Poland
93%
Barcelona, Brussels, Marseille Morocco
92%
Marseille Algeria
90%
Copenhagen Germany
90%
Barcelona, Brussels France
90%
Prague Russia
89%
Prague Ukraine
86%
Brussels, Dublin, Rome, Frankfurt Romania
86%
Barcelona, Rome China
86%
Barcelona, Brussels, Frankfurt, Marseille, Munich Italy
86%
Brussels, Reykjavik Spain
85%
Prague United States
85%
Marseille Tunisia
82%
Copenhagen Iraq
77%
Barcelona, Copenhagen Pakistan
76%
Prague Slovakia
74%
Munich Greece
72%
Prague Vietnam
63%
Munich Bosnia and Herzegovina
62%
Rome Bangladesh
62%
Dublin Brazil
62%
Munich, Copenhagen, Frankfurt Croatia
60%
Rome Philippines
53%
Dublin, Reykjavik Lithuania
46%
Reykjavik Latvia
42%
Rome Peru
31%
Marseille Comoros
8%
No matching quizzes found
Score Distribution
Percent of People with Each Score
Percentile by Number Answered
Your Score History
You have not taken this quiz